Caracóis de ouro e os três ursos (Registo nº 4459)

Detalhes MARC
000 -Etiqueta do registo
Cabeçalho 01030nam0a2200289 4500
005 - Identificador da versão
Campo de controlo 20240813122102.0
010 ## - Número internacional normalizado dos livros (ISBN)
Número (ISBN) 9789898054463
021 ## - Número do Depósito Legal
Código do país PT
Número 262605/07
003 - Persistent Record Identifier
control field http://catalogo.bnportugal.pt/ipac20/ipac.jsp?profile=bn&uri=full=3100024~!1713424~!0
100 ## - Dados gerais de processamento
Dados gerais de processamento 20190625d2007 bc y0pory5003 ba
102 ## - Pais de publicação ou produção
País de publicação Portugal
101 0# - Língua de publicação
Língua do texto, banda sonora, etc. Português
215 ## - Descrição física 
Indicação específica da natureza do documento e extensão da espécie 29, [2] p.
Outras indicações físicas il. color
200 1# - Titulo e menção de responsabilidade
Título próprio Caracóis de ouro e os três ursos
Primeira menção de responsabilidade adapt. de texto Ana Oom
Outras menções de responsabilidade il. Rita Correia
-- psicologia do conto Rita Silveira Machado, Mónica Montellano
225 1# - Colecção 
Título próprio da colecção Histórias de encantar
210 ## - Publicação, Distribuição, etc. 
Lugar da edição, distribuição, etc. [S.l.]
Nome do editor, distribuidor, etc. 123-Aprender é Divertido
Data da publicação, distribuição, etc. cop. 2007
606 ## - Nome comum usado como assunto
Número de registo de entrada de autoridade 0001335
Palavra de ordem Literatura portuguesa
Subdivisão de assunto Conto
Código do sistema CA
675 ## - Classificação Decimal Universal (CDU)
Notação 821.134.3-34
Edição 3ª ed.
Língua da edição por
702 #1 - Nome de autor-pessoa física (responsabilidade secundária)
Número de registo de entrada de autoridade 0000573
Palavra de ordem Oom
Outra parte do nome não tomada para palavra de ordem Ana
Código de função Adaptador
Número de registo de entrada de autoridade 0001312
Palavra de ordem Correia
Outra parte do nome não tomada para palavra de ordem Rita
Datas 1977-
Código de função Ilustrador / Técnico de desenho computorizado
Número de registo de entrada de autoridade 0001309
Palavra de ordem Machado
Outra parte do nome não tomada para palavra de ordem Rita Silveira
Código de função Comentador de texto escrito
Número de registo de entrada de autoridade 0001310
Palavra de ordem Montellano
Outra parte do nome não tomada para palavra de ordem Mónica
Código de função Comentador de texto escrito
966 ## - Identificação da Biblioteca
Sigla EBVENDAS
942 ## - Elementos de entrada adicionados (Koha)
Tipo de item no Koha Livro
Exemplares
Situação do levantamento Origin of item (home branch) (coded) Biblioteca de empréstimo Código de barras Cota Circulation type (not for loan) Tipo de documento Nota do exemplar Damaged status
  Biblioteca Escolar das Vendas Biblioteca Escolar das Vendas BEV1794 8POR OOM   Livro Sem mensagem